00726nam a22001097a 450000500170000000800410001705000190005810000030007724500350008030000290011550504720014420230614103318.0230614b ||||| |||| 00| 0 eng d aHD577.D131(5e)  aLeadership ./ cRichard L.Daft axviii,509.:bill c26cm. aContent : What does it mean to be a leader? -- Traits, behaviors, and relationships -- Contingency approaches to leadership -- The leader as an individual -- Leadership mind and heart -- Courage and moral leadership -- Followership -- Motivation and empowerment -- Leadership communication -- Leading teams -- Developing leadership diversity -- Leadership power and influence -- Creating vision and strategic direction -- Shaping culture and value -- Leading change